University Home | Library Home | Institutional Repository

Engineering seismology / (Record no. 159059)

MARC details
000 -LEADER
fixed length control field 00952cam2a220026500 4500
001 - CONTROL NUMBER
control field lce01655504
008 - FIXED-LENGTH DATA ELEMENTS--GENERAL INFORMATION
fixed length control field 830815s1983 ja a b f001 0 eng
010 ## - LIBRARY OF CONGRESS CONTROL NUMBER
LC control number 83187338
020 ## - INTERNATIONAL STANDARD BOOK NUMBER
Terms of availability Y6000
035 ## - SYSTEM CONTROL NUMBER
System control number (Sirsi) r59739
035 ## - SYSTEM CONTROL NUMBER
System control number (DLC) 83187338
035 ## - SYSTEM CONTROL NUMBER
System control number (UPRA)lce01655504
040 ## - CATALOGING SOURCE
Modifying agency UPRA
050 0# - LIBRARY OF CONGRESS CALL NUMBER
Classification number TA654.6
Item number .K3513 1983
082 0# - DEWEY DECIMAL CLASSIFICATION NUMBER
Classification number 624.1/762
Edition number 19
100 1# - MAIN ENTRY--PERSONAL NAME
Personal name Kanai, Kiyoshi, 1907-
Dates associated with a name Kanai, Kiyoshi, 1907-
Linkage A19113.1
245 10 - TITLE STATEMENT
Title Engineering seismology /
Statement of responsibility, etc. Kiyoshi Kanai.
260 ## - PUBLICATION, DISTRIBUTION, ETC.
Place of publication, distribution, etc. [Tokyo] :
Name of publisher, distributor, etc. University of Tokyo Press,
Date of publication, distribution, etc. c1983.
500 ## - GENERAL NOTE
General note Enl. and rev. translation of: Jishin kogaku.
504 ## - BIBLIOGRAPHY, ETC. NOTE
Bibliography, etc. note Includes bibliographies and index.
650 #0 - SUBJECT ADDED ENTRY--TOPICAL TERM
Topical term or geographic name entry element Earthquake engineering.
Linkage S13003.1
700 1# - ADDED ENTRY--PERSONAL NAME
Personal name Kanai, Kiyoshi, 1907- Jishin kogaku.
Dates associated with a name Kanai, Kiyoshi, 1907- Jishin kogaku.
Title of a work Kanai, Kiyoshi, 1907- Jishin kogaku.
Linkage A19113.2
949 ## - LOCAL PROCESSING INFORMATION (OCLC)
a TA654.6
w lcc
i 33729001897904
m MAIN
p 2500
t BOOK
l ON-SHELF

No items available.

© 2026 - The University of Zambia Library - Koha v25.11